00561nam a22001937a 4500003000400000005001700004008004100021020001400062040000700076041000800083082002100091100003000112245010000142260003200242300002800274650003400302942001200336999001900348OSt20240229124707.0231213b ||||| |||| 00| 0 eng d a07060228x cAL aeng 223a515.63bSPIS aMurray R Spiegel.9145599 aSchaums outline of theory and problems of vector analysisb: an introduction to tensor analysis aMcGraw-HillbNew Yorkc1959 a225p.bPBc27.5x20.5cm. 2MathematicsaAnalysis9145600 2ddccBK c229482d229482